Diário de uma Banana 12 (Record no. 195052)

MARC details
000 -LÍDER
campo de controle de tamanho fixo 00330 a2200145 4500
001 - NÚMERO DE CONTROLE
campo de controle 195052
040 ## - FONTE DA CATALOGAÇÃO
Instituição que transcreveu o registro Magnum
100 ## - ENTRADA PRINCIPAL--NOME PESSOAL
Nome pessoal Kinney, Jeff
240 10 - TÍTULO UNIFORME
Título uniforme Diário de uma Banana 12
Idioma da obra por
245 10 - TÍTULO
Título Diário de uma Banana 12
300 ## - DESCRIÇÃO FÍSICA
Extensão 229
362 0# - DATAS DE PUBLICAÇÃO E/OU DESIGNAÇÃO SEQUENCIAL
Datas de publicação e/ou designação sequencial 2017
697 ## - ENTRADA DE ASSUNTO LOCAL--ENTIDADE COLETIVA (RLIN)
Nome corporativo ou nome da jurisdição LITERATURA INFANTO-JUVENIL ESTRANGEIRA
942 ## - ELEMENTOS DE ENTRADA ADICIONADOS (KOHA)
Tipo de material Koha Livros
Holdings
Situação do descarte Situação das perdas Situação física Não pode ser emprestado Biblioteca de origem Biblioteca atual Data de aquisição Total de empréstimos Número de chamada completo Código de barras Data de último acesso Data do preço efetivo Tipo de material Koha
        Magnum Magnum 08/06/2024   890.4.372 MAG00075754 08/06/2024 08/06/2024 Livros